| 000 | 01321nam0a2200361 4500 | ||
|---|---|---|---|
| 001 | RU\NLR\BIBL_A\012468322 | ||
| 005 | 20210322105022.0 | ||
| 010 |
_a978-5-17-108220-8 _92000 |
||
| 021 |
_aRU _bКН-П-20-066731 _9КН-П-20-5015 |
||
| 035 | _a(NLR Aleph) 012468322 | ||
| 035 | _a(RuMoRGB)010460897 | ||
| 090 |
_a12064144 _c12064144 |
||
| 100 | _a20210309d2020 b y0rusy50 ca | ||
| 101 | 0 | _arus | |
| 102 | _aRU | ||
| 105 | _aa|||z|||000ay | ||
| 181 | 0 |
_ai _baxxe |
|
| 182 | 0 | _an | |
| 200 | 1 |
_aКак растут ёлочные шары _e[сказка _eдля детей до 3-х лет] _fАя Эн _gрисунки Дианы Лапшиной |
|
| 203 |
_aТекст _bвизуальный _cнепосредственный |
||
| 210 |
_aМосква _cМалыш _cАСТ _d2020 |
||
| 215 |
_a41, [7] с. _cцв. ил. _d26 |
||
| 225 | 1 | _aСерия "Любимый праздник Новый год" | |
| 333 | _a0+; 6- | ||
| 686 | 0 | _aШ9(2)60=Р7-2 | |
| 700 | 0 |
_aАя эН _cпсевдоним _f1965- _3RU\NLR\AUTH\7712687 |
|
| 702 | 1 |
_aЛапшина _bД. Ю. _cиллюстратор _f1980- _gДиана Юрьевна _3RU\NLR\AUTH\7793075 _4040 |
|
| 942 | _cBOOK | ||
| 980 | _aNBR | ||
| 980 | _aNB | ||